Statistiques concernant Option les plus choisis au lycée - classement

Cliquez ici pour prendre le quiz!

Statistiques générales

  • Ce quiz a été pris 28 fois
  • Le résultat moyen est 2 sur 12

Statistiques - réponses

NuméroOptions% Correct
1Latin
96%
6EPS
24%
3Section européenne
20%
2Grec ancien
16%
4Langues vivantes (chinois, russe etc...)
16%
10Cinéma et audiovisuel
12%
7Sciences et laboratoire
12%
11Ateliers artistiques (cinéma, photographie etc...)
8%
12Informatique et création numérique
8%
9Langue des signes française
4%
8Méthodes et pratiques scientifiques
4%
5Education artistique (art, musique etc...)
0%

Distribution des résultats

Percentile par nombre de réponses

% des personnes avec chaque résultat

Votre développement - résultats

Vous n’avez pas pris ce quiz